Focus (Record no. 81165)

MARC details
000 -LEADER
fixed length control field 00910cab a22002415a 4500
001 - CONTROL NUMBER
control field L146487
008 - FIXED-LENGTH DATA ELEMENTS--GENERAL INFORMATION
fixed length control field 090126e20090124xxkbdo f s 000 0 eng d
035 ## - SYSTEM CONTROL NUMBER
System control number (Sirsi) u146487
041 0# - LANGUAGE CODE
Language code of text/sound track or separate title eng
100 1# - MAIN ENTRY--PERSONAL NAME
Personal name Pilkington, Lisa
245 00 - TITLE STATEMENT
Title Focus
Remainder of title East Midlands offices and retail
260 ## - PUBLICATION, DISTRIBUTION, ETC.
Date of publication, distribution, etc. 2009
490 ## - SERIES STATEMENT
Series statement Estates Gazette
Volume/sequential designation (0904) 24 January 2009, 79-93(13)
520 ## - SUMMARY, ETC.
Summary, etc. Geographical feature on the office and retail property markets in the East Midlands. Includes sections on the effects of the credit crunch on development in Nottingham, city centre schemes in Derby and regeneration in Lincs and Northants.
590 ## - LOCAL NOTE (RLIN)
Local note KA
651 #4 - SUBJECT ADDED ENTRY--GEOGRAPHIC NAME
Geographic name England and Wales
Chronological subdivision 1543-
690 ## - LOCAL SUBJECT ADDED ENTRY--TOPICAL TERM (OCLC, RLIN)
Topical term or geographic name as entry element PROPERTY-COMMERCIAL PROPERTY-COMMERCIAL PROPERTY MARKET
690 ## - LOCAL SUBJECT ADDED ENTRY--TOPICAL TERM (OCLC, RLIN)
Topical term or geographic name as entry element PROPERTY-PROPERTY MANAGEMENT-REGENERATION
700 1# - ADDED ENTRY--PERSONAL NAME
Personal name Coyne, Andy
700 1# - ADDED ENTRY--PERSONAL NAME
Personal name Morrison, Adrian
700 1# - ADDED ENTRY--PERSONAL NAME
Personal name Norman, Paul
942 ## - ADDED ENTRY ELEMENTS (KOHA)
Suppress in OPAC 0
Holdings
Withdrawn status Lost status Source of classification or shelving scheme Damaged status Not for loan Home library Current library Shelving location Date acquired Total Checkouts Full call number Barcode Date last seen Copy number Price effective from Koha item type
    Dewey Decimal Classification     London London Journal article 26/01/2009   L146487 146487-1001 06/08/2019 1 06/08/2019 Journal article